000 00776 a2200193 4500
003 NUST
005 20251118181635.0
040 _cNust
082 _a621.382,ZAI
100 _aZaidi, NC Ali Abbas (TCC-13)
_9131939
245 _aOFDM MODEM (real time implementation of OFDM modem) /
_cNC Ali Abbas Zaidi, Capt Sajjad Haider Khan and NC Khurram Shahzad.
260 _aRawalpindi
_bMCS (NUST)
_c2005
300 _a68 p.;
505 _aIntroduction to OFDM (Page-1), OFDM Modem Simulation and Design (Page-12), Linear Prediction of Speech (Page-36), Implementation (Page-46), Conclusion (Page-64), References (Page-65).
650 _aUG Projects
_998716
651 _aTCC-13
_9126050
700 _aSupervised by Lt Col (R) Syed Javaid Hussain
_9131940
942 _cPR
_2ddc
999 _c183352
_d183352